Normal view
MARC view
- BAINU T. KUZHIVELY
Entry Personal Name
001 - CONTROL NUMBER
- control field: 2970
003 - CONTROL NUMBER IDENTIFIER
- control field: OSt
005 - DATE AND TIME OF LATEST TRANSACTION
- control field: 20180303110246.0
008 - FIXED-LENGTH DATA ELEMENTS
- fixed length control field: 180303|| aca||aabn | a|a d
040 ## - CATALOGING SOURCE
- Original cataloging agency: OSt
- Transcribing agency: OSt
100 ## - HEADING--PERSONAL NAME
- Personal name: BAINU T. KUZHIVELY
670 ## - SOURCE DATA FOUND
- Source citation: Work cat.: (OSt): BAINU T. KUZHIVELY, Modification and performance evaluation of six row rice transplanter for conventional seedlings, 1990
